Quiz//#簿記/2 - Statistics

General Stats
  • This quiz has been taken 11 times
  • The average score is 9 of 12
Answer Stats
Question Answer % Correct
負債 貸借対照表 (Balance Sheet)
90%
負債 貸方
80%
純資産(資本) 貸方
80%
資産 貸借対照表 (Balance Sheet)
80%
収益 損益計算書 (Profit and Loss Statement)
80%
費用 損益計算書 (Profit and Loss Statement)
80%
資産 借方
70%
借方 左側
70%
貸方 右側
70%
純資産(資本) 貸借対照表 (Balance Sheet)
70%
収益 貸方
60%
費用 借方
50%
No matching quizzes found
Score Distribution
Percent of People with Each Score
Percentile by Number Answered
Your Score History
You have not taken this quiz